NO HYPE OPTIONS TRADING MYTHS REALITIES (Record no. 17665)

MARC details
000 -LEADER
fixed length control field 00376nam a2200145Ia 4500
008 - FIXED-LENGTH DATA ELEMENTS--GENERAL INFORMATION
fixed length control field 240624s9999 xx 000 0 und d
041 ## - LANGUAGE CODE
Language code of text/sound track or separate title eng
082 ## - DEWEY DECIMAL CLASSIFICATION NUMBER
Classification number 332.6 GIV
100 ## - MAIN ENTRY--PERSONAL NAME
Personal name GIVEN KERRY W
245 ## - TITLE STATEMENT
Title NO HYPE OPTIONS TRADING MYTHS REALITIES
250 ## - EDITION STATEMENT
Edition statement 11
260 ## - PUBLICATION, DISTRIBUTION, ETC.
Date of publication, distribution, etc. 2011
Place of publication, distribution, etc. New Jersey
Name of publisher, distributor, etc. John Wiley and Sons
300 ## - PHYSICAL DESCRIPTION
Extent xv, : 198 : p. : cm. ; 23
365 ## - TRADE PRICE
Currency code
Price amount 27
Holdings
Withdrawn status Lost status Damaged status Not for loan Home library Current library Shelving location Date acquired Source of acquisition Cost, normal purchase price Full call number Barcode Date last seen Copy number Price effective from Koha item type
        IMTN IMTN Rack 10-A 09/12/2011 BWE 60.00 332.6 GIV 17665 06/24/2024 46.8 06/24/2024 Books
Designed & Maintained by: LRC IMT Nagpur Contact: lrc@imtnag.ac.in© 2024. All Rights Reserved.